000 00343pam a2200157a 44500
008 230515b2009 xxu||||| |||| 00| 0 eng d
020 _aNULL
041 _aENGLISH
082 _a621.4
100 _aARORA D
245 _aA COURSE IN POWER PLANT ENGINEERING
250 _a1
260 _a
_bNA
_c2009
300 _aX/40.31
650 _aNULL
999 _c635925
_d635925